Countries starting with R and G - Statistics

General Stats
  • This quiz has been taken 66 times
    30 since last reset
  • The average score is 13 of 14
Answer Stats
Country Answer % Correct
Africa (G) Gambia
96%
Europe (G) Germany
96%
North America (G) Guatemala
96%
South America(G) Guyana
96%
Europe (R) Romania
96%
Africa (R) Rwanda
96%
Asia (G) Georgia
92%
Africa (G) Ghana
92%
North America (G) Grenada
92%
Africa (G) Guinea
92%
Africa (G) Gabon
85%
Europe (G) Greece
85%
Africa (G) Guinea Bissau
85%
Europe (R) Russia
85%
No matching quizzes found
Score Distribution
Percent of People with Each Score
Percentile by Number Answered
Your Score History
You have not taken this quiz since the last reset